Archivmaterialien zu Hans Peter Kuhn, 1952-

Gespeichert in:  
Bibliographische Detailangaben
1. VerfasserIn: Kuhn, Hans Peter 1952- (Verfasst von)
Medienart: Elektronisch Archivmaterial
Sprache:Deutsch
In:Jahr: 2019
Online-Zugang: Archivdatenbank (Kalliope Verbundkatalog)
Verfügbarkeit prüfen: HBZ Gateway

MARC

LEADER 00000npc a22000002 4500
001 LR119427923
003 PipeLineGenerated
005 20260508112529.0
008 190606s2019 xx ||||| 00| ||ger c
100 |a Kuhn, Hans Peter  |0 (DE-588)119427923  |0 (DE-627)08024193X  |d 1952- 
245 |a Archivmaterialien zu Hans Peter Kuhn, 1952- 
856 |u https://kalliope-verbund.info/gnd/119427923  |3 Archivdatenbank (Kalliope Verbundkatalog) 
ELC |a 1